Top 10 Città più popolose Provincia di Varese - Statistics

Statistiche generali
  • Questo quiz è stato fatto 49 volte
  • Il punteggio medio è 7 su 10
Statistiche sulle risposte
Popolazione (ab.) Città % Corretto
79 793 Varese
100%
79 692 Busto Arsizio
97%
50 456 Gallarate
95%
38 598 Saronno
84%
17 729 Tradate
68%
21 386 Cassano Magnago
59%
16 905 Somma Lombardo
54%
16 604 Malnate
51%
16 168 Samarate
46%
16 397 Caronno Pertusella
22%
Nessun quiz corrispondente trovato
Distribuzione punteggi
Percentuale di utenti per punteggio
Percentile per numero di risposta
I tuoi punteggi nel tempo
Non hai fatto questo quiz